Statistics for Countries Bordering Countries Starting With G

Click here to take the quiz!

General Stats

  • This quiz has been taken 35 times
    (32 since last reset)
  • The average score is 32 of 35

Answer Stats

Country% Correct
Equatorial Guinea
100%
Albania
97%
Austria
97%
Belgium
97%
Cameroon
97%
France
97%
Ivory Coast
97%
Netherlands
97%
Switzerland
97%
Belize
93%
Czechia
93%
Denmark
93%
Guinea
93%
Guinea-Bissau
93%
Honduras
93%
Mexico
93%
North Macedonia
93%
Poland
93%
Russia
93%
Turkey
93%
Armenia
90%
Azerbaijan
90%
Brazil
90%
Bulgaria
90%
Congo
90%
Luxembourg
90%
Sierra Leone
90%
Togo
90%
Burkina Faso
86%
El Salvador
86%
Liberia
86%
Suriname
86%
Mali
83%
Senegal
83%
Venezuela
83%

Score Distribution

Percentile by Number Answered

Percent of People with Each Score

Your Score History

You have not taken this quiz since the last reset